| 000 | 00492cam a2200205 4500 | ||
|---|---|---|---|
| 001 | D6162 | ||
| 008 | 090401t1969 xxu||||| |||| 00| 0 eng d | ||
| 035 | _a(Sirsi) u88007 | ||
| 041 | _aeng | ||
| 050 | _a692.8 | ||
| 110 |
_aJoint Contracts Tribunal _93664 |
||
| 245 | _aFixed fee form of prime cost contract | ||
| 260 |
_aLondon _bRIBA _c1969 |
||
| 300 | _a1p | ||
| 350 | _a0 | ||
| 490 |
_aJCT Practice Note _v16 |
||
| 520 | _aFiled at JCT 1969/4A | ||
| 942 | _n0 | ||
| 948 | _c04/03/1997 | ||
| 999 |
_c97286 _d97286 |
||